Provincias del Perú en un Mapa - Estadísticas

Estadísticas generales
  • Esta prueba ha sido intentada 60 veces
  • La puntuación promedio es 32 de 196
Respuestas en el mapa
Las respuestas están codificadas por una escala verde-roja en el mapa de la prueba según el % correcto abajo.
 
Estadísticas de respuestas
Departamento Provincia % Correcto
Provincias Autónomas Lima
89%
Cusco Cusco
83%
Arequipa Arequipa
78%
Ica Ica
72%
Piura Piura
72%
La Libertad Trujillo
72%
Provincias Autónomas Callao
67%
Cajamarca Cajamarca
61%
Tacna Tacna
61%
Tumbes Tumbes
61%
Loreto Loreto
56%
Puno Puno
56%
Huancavelica Huancavelica
50%
Lambayeque Lambayeque
50%
San Martín San Martín
50%
Ancash Santa
50%
Lambayeque Chiclayo
44%
Junín Junín
44%
Ica Nazca
44%
Pasco Pasco
44%
Loreto Ucayali
44%
Tumbes Zarumilla
44%
Apurímac Andahuaylas
39%
Lima Barranca
39%
Amazonas Chachapoyas
39%
Huánuco Huánuco
39%
Ancash Huaraz
39%
Apurímac Abancay
33%
Lima Cañete
33%
Ica Chincha
33%
Lambayeque Ferreñafe
33%
Cajamarca San Pablo
33%
Piura Sechura
33%
Amazonas Bagua
28%
Cajamarca Chota
28%
Cajamarca Cutervo
28%
Junín Huancayo
28%
Lima Huaral
28%
Moquegua Ilo
28%
Cajamarca Jaén
28%
Pasco Oxapampa
28%
La Libertad Pacasmayo
28%
Piura Paita
28%
Ica Pisco
28%
Cajamarca Santa Cruz
28%
Junín Satipo
28%
Piura Talara
28%
Junín Tarma
28%
Cusco Anta
22%
Piura Ayabaca
22%
Ancash Casma
22%
Cajamarca Celendín
22%
Ayacucho Huanta
22%
Ancash Huarmey
22%
Lima Huaura
22%
San Martín Moyobamba
22%
Loreto Requena
22%
San Martín Rioja
22%
Cajamarca San Miguel
22%
Piura Sullana
22%
La Libertad Virú
22%
Ancash Yungay
22%
La Libertad Bolívar
17%
Arequipa Camaná
17%
Lima Canta
17%
Arequipa Caravelí
17%
La Libertad Chepén
17%
Tumbes Contralmirante Villar
17%
Apurímac Grau
17%
Ayacucho Huamanga
17%
Piura Huancabamba
17%
Lima Huarochirí
17%
Arequipa Islay
17%
Cusco La Convención
17%
Arequipa La Unión
17%
Madre de Dios Manú
17%
Piura Morropón
17%
La Libertad Otuzco
17%
La Libertad Pataz
17%
Ucayali Purús
17%
Cajamarca San Ignacio
17%
Cajamarca San Marcos
17%
Puno San Román
17%
Puno Azángaro
11%
Cajamarca Cajabamba
11%
Cusco Chumbivilcas
11%
Cajamarca Contumazá
11%
Cusco Espinar
11%
Cajamarca Hualgayoc
11%
La Libertad Julcán
11%
San Martín Lamas
11%
Huánuco Marañón
11%
Loreto Maynas
11%
Lima Oyón
11%
Ucayali Padre Abad
11%
Ica Palpa
11%
Cusco Paruro
11%
Loreto Putumayo
11%
Ancash Recuay
11%
Puno Sandia
11%
La Libertad Santiago de Chuco
11%
Ancash Sihuas
11%
Ayacucho Sucre
11%
Madre de Dios Tambopata
11%
San Martín Tocache
11%
Cusco Urubamba
11%
Amazonas Utcubamba
11%
Lima Yauyos
11%
Cusco Acomayo
6%
Loreto Alto Amazonas
6%
Huánuco Ambo
6%
La Libertad Ascope
6%
Ucayali Atalaya
6%
Lima Cajatambo
6%
Cusco Calca
6%
Cusco Canchis
6%
Tacna Candarave
6%
Ayacucho Cangallo
6%
Ancash Carhuaz
6%
Arequipa Castilla
6%
Huancavelica Castrovirreyna
6%
Arequipa Caylloma
6%
Puno Chucuito
6%
Junín Concepción
6%
Arequipa Condesuyos
6%
Amazonas Condorcanqui
6%
Ucayali Coronel Portillo
6%
Ancash Corongo
6%
Loreto Datem del Marañón
6%
Huánuco Dos de Mayo
6%
Junín Jauja
6%
Tacna Jorge Basadre
6%
Ayacucho La Mar
6%
Puno Lampa
6%
Ayacucho Lucanas
6%
Loreto Mariscal Ramón Castilla
6%
Ancash Pallasca
6%
Ayacucho Parinacochas
6%
Cusco Paucartambo
6%
Cusco Quispicanchi
6%
Amazonas Rodríguez de Mendoza
6%
La Libertad Sánchez Carrión
6%
Tacna Tarata
6%
Ayacucho Vilcas Huamán
6%
Huancavelica Acobamba
0%
Ancash Aija
0%
Huancavelica Angaraes
0%
Apurímac Antabamba
0%
Ancash Antonio Raymondi
0%
Ancash Asunción
0%
Apurímac Aymaraes
0%
San Martín Bellavista
0%
Ancash Bolognesi
0%
Amazonas Bongará
0%
Cusco Canas
0%
Puno Carabaya
0%
Ancash Carlos Fermín Fitzcarrald
0%
Junín Chanchamayo
0%
Apurímac Chincheros
0%
Junín Chupaca
0%
Huancavelica Churcampa
0%
Apurímac Cotabambas
0%
Pasco Daniel Alcídes Carrión
0%
Puno El Collao
0%
San Martín El Dorado
0%
Moquegua General Sánchez Cerro
0%
La Libertad Gran Chimú
0%
Huánuco Huacaybamba
0%
San Martín Huallaga
0%
Huánuco Huamalíes
0%
Puno Huancané
0%
Ayacucho Huanca Sancos
0%
Ancash Huari
0%
Ancash Huaylas
0%
Huancavelica Huaytará
0%
Huánuco Lauricocha
0%
Huánuco Leoncio Prado
0%
Amazonas Luya
0%
San Martín Mariscal Cáceres
0%
Ancash Mariscal Luzuriaga
0%
Moquegua Mariscal Nieto
0%
Puno Melgar
0%
Puno Moho
0%
Ancash Ocros
0%
Huánuco Pachitea
0%
Ayacucho Páucar del Sara Sara
0%
San Martín Picota
0%
Ancash Pomabamba
0%
Huánuco Puerto Inca
0%
Puno San Antonio de Putina
0%
Madre de Dios Tahuamanu
0%
Huancavelica Tayacaja
0%
Ayacucho Víctor Fajardo
0%
Huánuco Yarowilca
0%
Junín Yauli
0%
Puno Yunguyo
0%
No se encontraron pruebas coincidentes
Distribución de puntuación
Porcentaje de gente con cada puntuación
Porcentaje por número respondido
Historial de tus puntuaciones
No has intentado esta prueba.